000 01013nas a2200313 4500
001 BR0902560
003 BR-BrBNA
005 20231205113346.0
007 ta
008 230509b bl.|||p| |||| 00| 00por d
040 _aBR-BrBNA
_bpor
_cBiblioteca Nacional de Agricultura
041 _a(Pt)
072 _aF08
100 1 _aVivian, R.
100 1 _aRocha, A.
100 1 _aGalvão, H.L.
100 1 _aMartinez, H.E.P.
100 1 _aPereira, P.R.G.
100 1 _aFontes, P.C.R.
245 1 _aDensidade de plantio e números de folhas influenciando a produtividade e qualidade de frutos do tomateiro cultivados com um cacho, em sistema hidropônico
650 _aTOMATE
650 _aDENSIDADE DE PLANTIO
650 _aCULTIVO HIDROPÔNICO
650 _aPODA
773 0 _tRevista Ceres (Brazil)
_xISSN 0034-737X
_g(Nov-Dec 2008), v. 55(6) p. 584-589
_wBR0902560
856 4 0 _uhttp://www.aprh.pt/rgci/pdf/rgci-155_Borges.pdf
909 _a202311
_bLúcia
_c55
_dLúcia Elande
942 _2AGRIS
_n0
_cANA
999 _c203344
_d203344